Giá trị dinh dưỡng và phương pháp chế biến sữa
Nội dung giới thiệu các giá trị dinh dưỡng của sữa, những yêu cầu vệ sinh trong chăn nuôi và chế biến, các yếu tố ảnh hưởng tới sữa, quy trình kỹ thuật chế biến sữa và các sản phẩm từ sữa....
Saved in:
| Main Author: | |
|---|---|
| Format: | Book |
| Language: | Undetermined |
| Published: |
Hà Nội
Lao động
2006
|
| Subjects: | |
| Tags: |
Add Tag
No Tags, Be the first to tag this record!
|
| Institutions: | Trung tâm Học liệu Trường Đại học Cần Thơ |
|---|
| LEADER | 00968nam a2200205Ia 4500 | ||
|---|---|---|---|
| 001 | CTU_106690 | ||
| 008 | 210402s9999 xx 000 0 und d | ||
| 020 | |c 14000 | ||
| 082 | |a 637.14 | ||
| 082 | |b Th463 | ||
| 100 | |a Chu, Thị Thơm | ||
| 245 | 0 | |a Giá trị dinh dưỡng và phương pháp chế biến sữa | |
| 245 | 0 | |c Chu Thị Thơm, Phan Thị Lài, Nguyễn Văn Tó | |
| 260 | |a Hà Nội | ||
| 260 | |b Lao động | ||
| 260 | |c 2006 | ||
| 520 | |a Nội dung giới thiệu các giá trị dinh dưỡng của sữa, những yêu cầu vệ sinh trong chăn nuôi và chế biến, các yếu tố ảnh hưởng tới sữa, quy trình kỹ thuật chế biến sữa và các sản phẩm từ sữa. | ||
| 650 | |a Dairy products,Milk processing,Milk production | ||
| 904 | |i Năm, Q. Hiếu (sửa) | ||
| 980 | |a Trung tâm Học liệu Trường Đại học Cần Thơ | ||